El libro de la misa: los secretos de un misterio

Salvato in:
Dettagli Bibliografici
Autore principale: Manglano Castellary, José Pedro (autor)
Natura: Libro
Lingua:spagnolo
Pubblicazione: Barcelona Planeta S. A 2004
Edizione:1a. ed
Soggetti:
Tags: Aggiungi Tag
Nessun Tag, puoi essere il primo ad aggiungerne!!

MARC

LEADER 00000cam a2200000 a 4500
001 UCC6313
003 CL-VaPUC
008 181130e20040000sp |||||||||||||||||spa|d
020 |a 8408055844 
082 0 4 |a 264.36  |b MAN  |2 21 
100 |a Manglano Castellary, José Pedro  |e autor  |9 600724 
245 1 3 |a El libro de la misa: los secretos de un misterio 
250 |a 1a. ed 
300 |a 195 p 
942 |c BK 
945 |d 20181130 13:53:00  |a dcastane 
260 |a Barcelona  |b Planeta S. A  |c 2004 
650 0 |a Misa  |9 329325 
650 0 |a Iglesia Católica  |9 256114 
650 0 |a Eucaristía  |9 257336 
583 |a last modification  |c 20181130 13:53:00  |k Rodrigo Vera 
999 |c 373262  |d 373260 
952 |0 0  |1 0  |3 erb  |4 0  |6 264_360000000000000_MAN_2004  |7 0  |8 A  |9 491330  |a BIBTEO  |b BIBTEO  |e Precht Pizarro, Jorge Enrique  |i 5519667  |o 264.36 MAN 2004  |p 5519667  |r 2025-01-17  |w 2019-11-24  |y BK  |z Catalogado en:20181130  |k ICR